Estadísticas para Instrumentos Musicales por Imagen #1

Haz click aquí para intentar la prueba.

Estadísticas generales

  • Esta prueba ha sido intentada 1.936 veces
  • La puntuación promedio es 14 de 20

Estadísticas de respuestas

Respuesta% Correcto
Guitarra
99%
Violín
99%
Arpa
96%
Maracas
94%
Armónica
92%
Saxofón
92%
Acordeón
90%
Gaita
88%
Clarinete
85%
Trombón
85%
Tuba
75%
Banjo
68%
Gong
61%
Trompa
53%
Timbal
49%
Flautas de Pan
39%
Laúd
38%
Sitar
30%
Tambor metálico
14%
Alphorn
8%

Distribución de puntuación

Porcentaje por número respondido

Porcentaje de gente con cada puntuación

Historial de tus puntuaciones

No has intentado esta prueba.